Loading...

South India : Yesterday,today and tomarrow ,Mysore villages revisited

Bibliographic Details
Main Author: Epstein, Scarlett T.
Format: Printed Book
Published: London : Mac Millan Press , 1973.
Subjects:
LEADER 00511cam a2200145ua 4500
999 |c 33586  |d 33586 
020 |a 333133897 
082 1 4 |a 338.909548  |b EPS-S 
100 1 |a Epstein, Scarlett T. 
245 1 0 |a  South India :  |b Yesterday,today and tomarrow ,Mysore villages revisited 
260 |a London :   |b Mac Millan Press ,   |c 1973. 
300 |a 273p.;  
650 0 |a Social change  |a India--Karnataka 
942 |c BK 
952 |0 0  |1 0  |4 0  |6 338_909548000000000_EPSS  |7 0  |9 43024  |a KU  |b KU  |d 2015-07-05  |l 0  |o 338.909548 EPS-S  |p AN01077  |r 2015-07-05  |y BK